[Event "Challenge"]
[Site "http://www.queenalice.com/game.php?id=623678"]
[Date "2009.7.23"]
[Round "-"]
[White "Kanapora"]
[Black "gremioimortal"]
[Result "0-1"]
[WhiteElo "1029"]
[BlackElo "1402"]

1. c4 e5 2. Nf3 Qf6 3. g3 Bc5 4. e3 e4 5. Be2 exf3 6. a3 fxe2 7. Qxe2 Nc6 8. f4
a6 9. Qg4 h5 10. f5 hxg4 11. e4 Ne5 12. Rf1 Nd3+ 13. Kd1 Rxh2 14. a4 Rg2 15. Kc2
Nb4+ 16. Kd1 Rxg3 17. Ra3 Rg2 18. d3 g3 19. Bd2 Qxb2 20. Ke1 Qxb1+ 21. Bc1 Qxc1#
0-1

[Event "Challenge"]
[Site "http://www.queenalice.com/game.php?id=623759"]
[Date "2009.7.24"]
[Round "-"]
[White "Kanapora"]
[Black "samuelrmgs"]
[Result "0-1"]
[WhiteElo "1105"]
[BlackElo "1386"]

1. c4 c5 2. Qa4 e5 3. d3 Qh4 4. g3 Qd8 5. Bh3 Nc6 6. Nf3 Nf6 7. Na3 a6 8. Bg5 h6
9. Bd2 Bd6 10. Be3 Bb8 11. Bxc5 d6 12. Bxc8 Qxc8 13. Bb6 Ng4 14. h4 h5 15. Ng5
O-O 16. Rh3 Nh6 17. f3 Bc7 0-1

[Event "Challenge"]
[Site "http://www.queenalice.com/game.php?id=624307"]
[Date "2009.7.24"]
[Round "-"]
[White "Kanapora"]
[Black "montelo"]
[Result "0-1"]
[WhiteElo "1000"]
[BlackElo "1756"]

1. c4 e5 2. Qc2 Bc5 3. Qf5 Nc6 4. Nf3 f6 5. e3 Nge7 6. Bd3 Nxf5 7. Bxf5 g6 8.
Bg4 Nb4 9. Nc3 Nc2+ 10. Kf1 Nxa1 11. h4 b6 12. h5 g5 13. Ne4 d6 14. Bxc8 Qxc8
15. Nxf6+ Kf7 16. Ne4 Qg4 17. Rg1 Qxe4 18. Nxg5+ Ke7 19. Nxe4 Rhg8 20. Rh1 Rg4
21. Rh2 Rxe4 22. Rh3 Rxc4 23. Rf3 Rxc1+ 24. Ke2 Nc2 25. g4 d5 26. Rf5 d4 27.
Rxe5+ Kd6 28. f4 dxe3 29. Re7 Kxe7 30. g5 exd2 31. Kxd2 Be3+ 32. Kd3 Rd8+ 33.
Kc3 Bxf4 34. Kc4 Rd4+ 35. Kb5 Rb1 36. Ka6 Rxb2 37. Kxa7 Rxa2+ 38. Kb7 c5 39.
Kxb6 c4 40. g6 hxg6 41. h6 c3 42. h7 Rb2+ 43. Ka7 Ra4# 0-1

[Event "Challenge"]
[Site "http://www.queenalice.com/game.php?id=624328"]
[Date "2009.7.24"]
[Round "-"]
[White "Kanapora"]
[Black "FreitasPC"]
[Result "0-1"]
[WhiteElo "1028"]
[BlackElo "1399"]

1. c4 d5 2. b3 e5 3. Bb2 d4 4. Qc2 c5 5. e3 Nc6 6. a3 g6 7. Bd3 Bd6 8. Nf3 Bg4
9. h3 Bxf3 10. gxf3 Nge7 11. f4 exf4 12. Rg1 fxe3 13. dxe3 O-O 14. exd4 Nxd4 15.
Bxd4 cxd4 16. Rg4 Nc6 17. Qe2 Re8 18. Qe4 Rxe4+ 19. Bxe4 f5 20. Bf3 fxg4 21.
hxg4 Qf6 22. Nd2 Re8+ 23. Kd1 Bf4 24. Ne4 Qe5 25. b4 d3 26. Ra2 Nd4 27. Bh1 Bh6
28. Bg2 Qf4 29. Re2 Qc1# 0-1

[Event "Challenge"]
[Site "http://www.queenalice.com/game.php?id=624378"]
[Date "2009.7.25"]
[Round "-"]
[White "gremioimortal"]
[Black "Kanapora"]
[Result "1-0"]
[WhiteElo "1400"]
[BlackElo "1000"]

1. e4 e6 2. d3 Nf6 3. h3 d6 4. Qf3 g6 5. Bg5 Be7 6. d4 Nc6 7. Bb5 Qd7 8. c3 h5
9. Nd2 a6 10. Bxc6 Qxc6 11. Bxf6 Rf8 12. d5 Qa4 13. Nb3 e5 14. O-O-O Qxa2 15.
Nd2 Qa1+ 16. Kc2 Qa4+ 17. Nb3 Qc4 18. g4 Bd7 19. Na5 Qa2 20. Nxb7 Rb8 21. gxh5
Rxb7 22. h6 Rxb2+ 23. Kd3 Rxf2 24. Qe3 Rg2 25. h7 Qb2 26. Bg7 Rc2 27. Bxf8 Bxf8
28. h8=Q Ke7 29. Qg5+ Ke8 30. Qgh6 Be6 31. Q8xf8+ Kd7 32. dxe6+ Kxe6 33. Qe8+
Kf6 34. Rf1+ Rf2 35. Qd8+ Ke6 36. Qe8+ Kf6 37. Qhh8+ Kg5 38. Qxf7 Rxf1 39. h4+
Kg4 40. Qxg6+ Kf4 41. Qf8# 1-0

[Event "Challenge"]
[Site "http://www.queenalice.com/game.php?id=624380"]
[Date "2009.7.25"]
[Round "-"]
[White "Kanapora"]
[Black "neoiron"]
[Result "0-1"]
[WhiteElo "1026"]
[BlackElo "1500"]

1. c4 Nf6 2. Qc2 d5 3. Qc3 e6 4. e3 Bd7 5. Qd3 Nc6 6. cxd5 Nb4 7. b3 Nxd3+ 8.
Bxd3 Nxd5 9. Bc4 Nb4 10. d3 Qh4 11. g3 Qg4 12. Ne2 O-O-O 13. Nf4 Qf3 14. Rg1
Nc2+ 15. Kd2 Nxa1 16. Bb2 Qxf2+ 17. Kc3 Qc2+ 18. Kd4 Qxb2+ 19. Nc3 Nc2+ 20. Ke4
Qxc3 21. d4 Qxe3# 0-1

[Event "Challenge"]
[Site "http://www.queenalice.com/game.php?id=624385"]
[Date "2009.7.25"]
[Round "-"]
[White "Kanapora"]
[Black "neoiron"]
[Result "0-1"]
[WhiteElo "1026"]
[BlackElo "1500"]

1. c3 Nc6 2. Na3 Nf6 3. Qb3 Ng4 4. e3 e5 5. f3 Nf6 6. Qa4 Be7 7. Nc4 Nd5 8. g3
O-O 9. Nxe5 Nxe5 10. Qd4 d6 11. Qxd5 Be6 12. Qb5 c6 13. Qxb7 a5 14. Qxc6 Nxc6
15. Rb1 Bxa2 16. Bd3 Bd5 17. Ra1 Ne5 18. Be2 Bc4 19. d3 Bxd3 20. Bxd3 Nxd3+ 21.
Kf1 d5 22. Ne2 Bg5 23. Kg1 Qf6 24. Nf4 Ne1 25. Bd2 Nc2 26. h3 Nxa1 27. Rh2 Nb3
28. h4 Bh6 29. Be1 Rab8 30. Rh3 Nc5 31. h5 Rxb2 32. Rh4 Rb1 33. Kg2 Rxe1 34. Kh3
Rxe3 35. Rg4 Rxf3 36. Kh2 Qxc3 37. Kh3 Ne4 38. Rg5 Rxg3+ 39. Kh4 Bxg5# 0-1

[Event "Challenge"]
[Site "http://www.queenalice.com/game.php?id=624393"]
[Date "2009.7.25"]
[Round "-"]
[White "Kanapora"]
[Black "gremioimortal"]
[Result "0-1"]
[WhiteElo "1030"]
[BlackElo "1392"]

1. c4 e5 2. Qc2 Bc5 3. Qc3 Qh4 4. Qxe5+ Kf8 5. Qxc7 Qxf2+ 6. Kd1 Qxf1+ 7. Kc2
Qf5+ 8. Kb3 Ke7 9. Nh3 Na6 10. Qg3 g6 11. Qh4+ f6 12. d3 h5 13. Nf4 g5 14. Bd2
gxh4 15. Ng6+ Kf7 16. Nxh8+ Kg7 17. Bc3 Kxh8 18. Ba5 Qf2 19. Bd8 Qxg2 20. Re1
Qxh2 21. Nc3 Bb4 22. Rac1 f5 23. Bxh4 Qxh4 24. Rf1 Nc5+ 25. Kxb4 Na6+ 26. Kb3
Qe7 27. Rfe1 Qb4+ 28. Kc2 Ne7 29. Kd2 Qxb2+ 30. Ke3 Qb6+ 31. d4 Qe6+ 32. Kf2 Nb4
33. Nd5 Nd3+ 34. exd3 Qd6 35. Re5 Nxd5 36. Re8+ Kg7 37. Re7+ Nxe7 38. Re1 Qf4+
39. Ke2 Qxd4 40. Kd2 Qf2+ 41. Re2 Qf4+ 42. Re3 d5 43. Ke2 dxc4 44. dxc4 Qxc4+
45. Rd3 Qxa2+ 46. Rd2 Qc4+ 47. Rd3 Nd5 48. Kd2 Bd7 49. Rxd5 Qxd5+ 50. Kc3 Rc8+
51. Kb4 b6 52. Ka3 Rc3+ 53. Kb2 Qb3+ 54. Ka1 Rc1# 0-1

[Event "Challenge"]
[Site "http://www.queenalice.com/game.php?id=625345"]
[Date "2009.7.27"]
[Round "-"]
[White "Kanapora"]
[Black "Zanelato"]
[Result "0-1"]
[WhiteElo "1109"]
[BlackElo "1088"]

1. c4 c6 2. Nc3 Nf6 3. Qa4 Qc7 4. Qb4 Na6 5. Qa3 e6 6. Qb3 Nc5 7. Qb4 Nce4 8.
Qb3 Nc5 9. Qc2 g6 10. g3 Bh6 11. Bh3 d5 12. a4 dxc4 13. Ra3 O-O 14. a5 e5 15.
Bxc8 Qxc8 16. Nf3 e4 17. Nh4 g5 18. Ng6 hxg6 19. Na4 Ncd7 20. Qxc4 Ne5 21. Qb3
g4 22. Qb4 b5 23. Qb3 bxa4 24. Rxa4 Rb8 25. Qc3 Re8 26. Rxe4 Nxe4 27. Qa3 Qf5
28. Rf1 Nc4 29. Qa4 Qd5 30. Rh1 Bxd2+ 31. Bxd2 Qxd2+ 32. Kf1 Rbc8 33. h3 Nxb2
34. hxg4 Nxa4 35. Rh6 Qxh6 36. a6 Qh1# 0-1

[Event "Challenge"]
[Site "http://www.queenalice.com/game.php?id=625689"]
[Date "2009.7.27"]
[Round "-"]
[White "karimcool78"]
[Black "Kanapora"]
[Result "1-0"]
[WhiteElo "1265"]
[BlackElo "1045"]

1. d4 c6 2. Qd3 Qa5+ 3. c3 Na6 4. Na3 Nf6 5. Bg5 Qxg5 6. e3 Qg4 7. Ne2 Qh5 8. g3
Qa5 9. Rg1 d6 10. Nf4 Qa4 11. Ke2 Ng4 12. f3 Nxh2 13. Bg2 Qa5 14. Kf2 b5 15. b3
Qxa3 16. Rh1 Qb2+ 17. Ne2 h5 18. Rad1 Qxa2 19. Rxh2 Qxb3 20. e4 Rh6 21. g4 h4
22. Rb1 Qa2 23. g5 Rg6 24. Rxh4 Rxg5 25. Rh8 Be6 26. Re1 Bc4 27. Qe3 Rh5 28.
Rxh5 Bb3 29. d5 Bc2 30. dxc6 e6 31. f4 Be7 32. Rh8+ Bf8 33. c7 Nxc7 34. e5 Bf5
35. Bc6+ Ke7 36. Rd1 d5 37. Qc5+ Kd8 38. Qxf8+ Ne8 39. Qxf7 Kc8 40. Rxe8# 1-0

[Event "Challenge"]
[Site "http://www.queenalice.com/game.php?id=625690"]
[Date "2009.7.27"]
[Round "-"]
[White "GIOLE"]
[Black "Kanapora"]
[Result "1-0"]
[WhiteElo "1751"]
[BlackElo "1000"]

1. e4 e6 2. d4 Qf6 3. e5 Qg6 4. Nf3 Nc6 5. Nc3 f6 6. exf6 gxf6 7. Be3 Nh6 8. Qd2
Nf5 9. Rg1 b6 10. Bd3 Qf7 11. d5 exd5 12. Bxf5 Qh5 13. g4 Qxh2 14. Nxh2 Be7 15.
Nxd5 Rg8 16. Nxc7+ Kf8 17. Nxa8 Kf7 18. Bxh7 Rh8 19. Qd3 Ke6 20. Nc7+ Kf7 21.
Qg6+ Kf8 22. Bh6# 1-0

[Event "Challenge"]
[Site "http://www.queenalice.com/game.php?id=625694"]
[Date "2009.7.27"]
[Round "-"]
[White "neoiron"]
[Black "Kanapora"]
[Result "1-0"]
[WhiteElo "1463"]
[BlackElo "1030"]

1. Nf3 c5 2. Nc3 Qa5 3. Ng5 Nf6 4. e4 d6 5. Bb5+ Qxb5 6. Nxb5 Nxe4 7. Nxe4 Bd7
8. Nc7+ Kd8 9. Nxa8 g6 10. O-O Bg7 11. c4 Bc6 12. Ng5 h6 13. Nxf7+ Kc8 14. Nxh8
Bxh8 15. Qg4+ Kd8 16. Qxg6 Kd7 17. Qxh6 Bf6 18. Qf8 Ke6 19. Qxb8 Bd4 20. Re1+
Kf5 21. Rxe7 Be4 22. Qf8+ Kg4 23. h3+ Kh5 24. d3 Bxd3 25. Qe8+ Kh4 26. g3+ Kxh3
27. Qh5# 1-0

[Event "Challenge"]
[Site "http://www.queenalice.com/game.php?id=626557"]
[Date "2009.7.29"]
[Round "-"]
[White "gremioimortal"]
[Black "Kanapora"]
[Result "1-0"]
[WhiteElo "1428"]
[BlackElo "1112"]

1. e4 c5 2. Bc4 Qb6 3. Qf3 Qg6 4. Na3 Nh6 5. d3 Kd8 6. h4 Nc6 7. h5 Qd6 8. c3 f6
9. Nb5 Qe5 10. Bf4 Nd4 11. cxd4 Qxd4 12. Nxd4 d6 13. O-O-O Ng4 14. Rh4 f5 15.
exf5 Nh2 16. Rxh2 e5 17. Ne6+ Ke8 18. Nc7+ Kd7 19. Nxa8 h6 20. Be6+ Kd8 21. Bxe5
Bd7 22. Bxd7 Kxd7 23. Qxb7+ Kd8 24. Qc7+ Ke8 25. Bxd6 Rg8 26. Qc8+ Kf7 27. Qxc5
Kf6 28. Nf3 g5 29. Qe5+ Kf7 30. Bxf8 Kxf8 31. Nc7 g4 32. Qd6+ Kf7 33. Ne5+ Kg7
34. f6+ Kh7 35. f7 Kg7 36. Qg6+ Kh8 37. fxg8=Q# 1-0

[Event "Challenge"]
[Site "http://www.queenalice.com/game.php?id=627419"]
[Date "2009.7.30"]
[Round "-"]
[White "Kanapora"]
[Black "ecsousa"]
[Result "0-1"]
[WhiteElo "1122"]
[BlackElo "1216"]

1. e4 e5 2. Qh5 Bd6 3. Bd3 g6 4. Qg4 h5 5. Qh3 Bc5 6. Ne2 d6 7. Qf3 Bg4 8. Qg3
Bxe2 9. Bxe2 Nf6 10. Bb5+ c6 11. Bc4 b5 12. Bd3 Ng4 13. h4 Bxf2+ 14. Qxf2 Nxf2
15. Kxf2 Qd7 16. Rh3 c5 17. Rg3 c4 18. Be2 Qc6 19. d3 a5 20. Bg5 d5 21. Bf3 cxd3
22. exd5 Qxc2+ 23. Nd2 Rf8 24. Bf6 Qxd2+ 25. Kg1 Qxb2 26. Bxe5 Qxa1+ 27. Bxa1 f5
28. Rxg6 Kf7 29. Bxh5 Ke7 30. Bg7 Rd8 31. Rf6 Rg8 32. Rg6 d2 33. Bf6+ Kf8 0-1

[Event "Challenge"]
[Site "http://www.queenalice.com/game.php?id=628352"]
[Date "2009.8.1"]
[Round "-"]
[White "Kanapora"]
[Black "gremioimortal"]
[Result "0-1"]
[WhiteElo "1109"]
[BlackElo "1418"]

1. e4 Nf6 2. Bd3 Nc6 3. Nc3 d6 4. Nh3 Bg4 5. Be2 Be6 6. Bf3 h5 7. Nf4 a6 8. h3
g6 9. h4 b5 10. Rh3 b4 11. Nce2 Bxh3 12. gxh3 Bh6 13. d4 g5 14. Nxh5 Nxh5 15. a4
Nf6 16. hxg5 Bxg5 17. Bxg5 Rxh3 18. Bg2 d5 19. Bxh3 Nxe4 20. Bh6 Nc3 21. bxc3
bxc3 22. Nxc3 Nxd4 23. Bg7 e5 0-1

[Event "Challenge"]
[Site "http://www.queenalice.com/game.php?id=633150"]
[Date "2009.8.8"]
[Round "-"]
[White "karimcool78"]
[Black "Kanapora"]
[Result "1-0"]
[WhiteElo "1213"]
[BlackElo "1109"]

1. e4 e5 2. Nf3 Qf6 3. a3 Bc5 4. a4 Bb4 5. c3 Bc5 6. h3 Nc6 7. Bc4 Na5 8. b3 Qd6
9. d4 exd4 10. b4 Bxb4 11. O-O Bxc3 12. Ra2 Nxc4 13. Qd3 Qc5 14. Rd1 1-0